Biblioteca

El director espiritual frente a los problemas psicologicos (Registro nro. 68309)

Detalles MARC
000 -LÍDER
Campo fijo de descripción fija 01528nab a2200193 i 4500
001 - NÚMERO DE CONTROL
Campo de control 768714001
003 - IDENTIFICADOR DEL NÚMERO DE CONTROL
Campo de control CO-MdFUSB
005 - FECHA Y HORA DE LA ULTIMA TRANSACCIÓN
control field 20221019154648.0
008 - ELEMENTOS DE LONGITUD FIJA -- INFORMACIÓN GENERAL
Campo fijo de descripción fija -- Información general 221019s1965 ck ||||| |||| 00| 0 spa d
040 ## - FUENTE DE CATALOGACIÓN
Idioma de catalogación spa
Agencia que realiza la transcripción CO-MdFUSB
Agencia que realiza la modificación CO-MdFUSB
041 ## - CÓDIGO DE IDIOMA
Código de idioma para texto/pista de sonido o título separado spa
100 ## - ASIENTO PRINCIPAL--NOMBRE PERSONAL
Nombre personal Ponte, Paulo,
Término relacionador autor
245 #3 - TÍTULO
Título El director espiritual frente a los problemas psicologicos
Mención de responsabilidad / Paulo Ponte
300 ## - DESCRIPCIÓN FÍSICA
Extensión Número 16, (1965), páginas 77- 80
Dimensiones ; 23 cm.
520 ## - NOTA DE RESUMEN, ETC.
Nota de sumario, etc. La base de mis reflexiones es que todo director Espiritual ya está convencido de la importancia de los problemas sicologicos en la orientación de una vocación sacerdotal. El mismo esquema conciliar supone la necesidad de referirse a los datos de la sicología en la formación de los seminaristas.<br/>Aquí apenas vamos a mostrar cómo el Director Espiritual debe situarse frente a los problemas sicológicos: los problemas patológicos y los problemas no patológicos. <br/>Sin duda en psicología los límites entre lo patológico y lo normal no son bien nítidos, y en la práctica muchas veces es difícil determinar si un problema es o no patológico, de base neurótica. Pero esa distinción es importante para que el director espiritual no se comporte de la misma manera frente a los dos tipos de problemas.
650 #0 - ASIENTO SECUNDARIO DE MATERIA - TERMINO TEMÁTICO
9 (RLIN) 228
Término temático o nombre geográfico como elemento de entrada Consejería pastoral
773 0# - ASIENTO DE ITEM FUENTE
Biblionumber 68207
Itemnumber 81327
Asiento principal Seminario Conciliar de Medellín,
Otro identificador del ítem R2114
Título Revista del Seminario Conciliar de Medellín - Colombia.
Número de control del registro (CO-MdFUSB)768714001
Parte(s) relacionada(s) / Volumen., número. (mes año), páginas Número 16, (1965), páginas 77- 80
Enumeración y primera página páginas 77
942 ## - TIPO DE MATERIAL (KOHA)
Tipo de Item KOHA Artículos de Revista

No hay ítems disponibles.

Biblioteca FUSBC | Teléfono: (57+4) 349 88 10 Ext. 141| WhatsApp (+57) 3005338115 
E-mail: biblioteca@unisbc.edu.co | Calle 76 87-14 Robledo Palenque, Medellín, Colombia

Con tecnología Koha